| 000 | 01501nam a22003977a 4500 | ||
|---|---|---|---|
| 003 | CHAP | ||
| 005 | 20220329143224.0 | ||
| 008 | 070419d2006 mx r 00110 spa d | ||
| 010 | _a93513 | ||
| 011 | _a94485 | ||
| 035 | _a105076 | ||
| 040 | _cCHAP | ||
| 090 | _aTesis | ||
| 100 | 1 |
_aChamú Baranda, Juan Antonio. _921791 |
|
| 245 | 1 | 0 |
_aRendimiento de papayo cv. maradol (Carica papaya L.) en función del ambiente con fertirriego _c/por Juan Antonio Chamú Baranda |
| 260 |
_aCocula, Gro. : _bEl autor, _c2006. |
||
| 300 |
_a114 h. : _bilus.; gráfs.; cuadros, |
||
| 502 | _aTesis (Ing. Agr. Fitotecnista) - - Colegio Superior Agropecuario del Estado de Guerrero. Centro de Estudios Profesionales | ||
| 590 |
_aALEPH _b10 _c20130110 _lUCH01 _h1518 |
||
| 590 |
_aBATCH-UPD _b10 _c20130109 _lUCH01 _h2343 |
||
| 590 |
_aBATCH-UPD _b10 _c20130110 _lUCH01 _h0809 |
||
| 590 |
_aBATCH-UPD _b10 _c20130409 _lUCH01 _h1913 |
||
| 590 |
_aBATCH-UPD _b10 _c20130410 _lUCH01 _h0446 |
||
| 590 |
_aBATCH-UPD _b10 _c20130914 _lUCH01 _h1400 |
||
| 590 |
_aCONVERSION _b10 _c20130109 _lUCH01 _h1352 |
||
| 650 | 1 | 4 |
_aFertilización foliar. _940445 |
| 650 | 1 | 4 |
_aFertirrigación. _940652 |
| 650 | 1 | 4 |
_apapaya _xEfecto del medio ambiente. _985332 |
| 650 | 1 | 4 |
_aPapaya _xIrrigación. _985342 |
| 650 | 1 | 4 |
_aPapaya _xRendimiento. _985356 |
| 650 | 1 | 4 |
_aSombra _xEfecto en plantas. _9108539 |
| 901 | _aBK | ||
| 905 | _aElisama A. H. | ||
| 942 | _cTESIS | ||
| 949 |
_aTesis _bBC _cTES _d33724002024827 _eTS1 _gDonacion _h46445 _i105076 _sb |
||
| 999 |
_c93513 _d93513 |
||